Normal view
MARC view
- Dr. S. Rizwan Hussain
Entry Personal Name
001 - CONTROL NUMBER
- control field: 17278
003 - CONTROL NUMBER IDENTIFIER
- control field: NUST
005 - DATE AND TIME OF LATEST TRANSACTION
- control field: 20190710074019.0
008 - FIXED-LENGTH DATA ELEMENTS
- fixed length control field: 190710|| aca||aabn | a|a d
040 ## - CATALOGING SOURCE
- Original cataloging agency: NUST
- Transcribing agency: NUST
100 ## - HEADING--PERSONAL NAME
- Personal name: Dr. S. Rizwan Hussain
670 ## - SOURCE DATA FOUND
- Source citation: Work cat.: (NUST): Kiani, Maryam 17277, Structural, magnetic, and dielectric properties of various nanoparticles-based nanocomposites /, 2016.
